000 00185 a2200097 4500
020 _a9780618648986
041 _aeng
100 _aWaldman. nomi j
245 _abuilding a case
942 _cBK
999 _c954
_d954